000 002610000a22000970004500
100 1 _aHesselgrave, David J.
245 1 0 _aWorld evangelization by the year 2000?
300 _aVol. 15, Núm 51 (1988), Páginas 13-14
773 0 _tWorld Evangelization
942 _cANA
999 _c58095
_d58095